01731pam a2200445 a 4500999001700000001001000017003000300027005001700030006001900047008004100066020002500107020002200132020002000154020002300174040004500197082001900242100004700261245010200308250004400410264005100454264001000505300005300515336002600568336002800594337002800622337002300650338002700673338003400700500002000734500002500754500002200779650003300801650004600834653002100880655002400901700003700925942001200962952016100974952015001135 c29154d29125015859713Uk20210607103036.0m||||fq||h 00| 0 110728t2013 njua f 001 0 eng d a9780132835565 (pbk.) a0132835568 (pbk.) a0132346605 (cd) a9780132346603 (cd) aStDuBDSbengerdacStDuBDSdUKdEG-ScBUE04a660.2bHIM2221 aHimmelblau, David Mautner,d1923-eauthor.10aBasic principles and calculations in chemical engineering /cDavid M. Himmelblau, James B. Riggs. aEighth edition,binternational edition. 1aNew Jersey :bPearson Education, Inc.,c[2013] 4cc2013 axx, 706 pages :billustrations ;c26 cm. +e1 CD atext2rdacontentbtxt asoundsbsnd2rdacontent aunmediated2rdamediabn aaudiobs2rdamedia avolume2rdacarrierbnc acomputer discbcd2rdacarrier aIncludes index. aIncludes appendices. aFormerly CIP.5Uk 7aChemical engineering.2BUEsh 7aChemical engineeringxMathematics.2BUEsh bENGCHEcJune2021 vReading book9342321 aRiggs, James B.,eauthor.931866 2ddccBB 00102ddc40708BaccahaMAINbMAINc1STd2021-06-07ePurchaseg650.00l1m11o660.2 HIMp000050289r2025-07-15 00:00:00s2021-12-18v813.00w2021-06-07yBB 00102ddc40708BaccahaMAINbMAINc1STd2021-06-07ePurchaseg650.00l0o660.2 HIMp000050290r2022-08-24 00:00:00v813.00w2021-06-07yCDVDWBB